<?xml version="1.0" encoding="UTF-8"?><?xml-stylesheet type="text/xsl" href="static/style.xsl"?><OAI-PMH xmlns="http://www.openarchives.org/OAI/2.0/" xmlns:xsi="http://www.w3.org/2001/XMLSchema-instance" xsi:schemaLocation="http://www.openarchives.org/OAI/2.0/ http://www.openarchives.org/OAI/2.0/OAI-PMH.xsd"><responseDate>2026-05-11T21:03:45Z</responseDate><request verb="GetRecord" identifier="oai:riubu.ubu.es:10259/6195" metadataPrefix="marc">https://riubu.ubu.es/oai/request</request><GetRecord><record><header><identifier>oai:riubu.ubu.es:10259/6195</identifier><datestamp>2024-05-17T08:13:53Z</datestamp><setSpec>com_10259_6193</setSpec><setSpec>com_10259_4147</setSpec><setSpec>com_10259.4_106</setSpec><setSpec>com_10259_2604</setSpec><setSpec>col_10259_6194</setSpec></header><metadata><record xmlns="http://www.loc.gov/MARC21/slim" xmlns:doc="http://www.lyncode.com/xoai" xmlns:xsi="http://www.w3.org/2001/XMLSchema-instance" xmlns:dcterms="http://purl.org/dc/terms/" xsi:schemaLocation="http://www.loc.gov/MARC21/slim http://www.loc.gov/standards/marcxml/schema/MARC21slim.xsd">
<leader>00925njm 22002777a 4500</leader>
<datafield tag="042" ind1=" " ind2=" ">
<subfield code="a">dc</subfield>
</datafield>
<datafield tag="720" ind1=" " ind2=" ">
<subfield code="a">Parreño Torres, Consuelo</subfield>
<subfield code="e">author</subfield>
</datafield>
<datafield tag="720" ind1=" " ind2=" ">
<subfield code="a">Çalık, Hatice</subfield>
<subfield code="e">author</subfield>
</datafield>
<datafield tag="720" ind1=" " ind2=" ">
<subfield code="a">Álvarez-Valdés Olaguíbel, Ramón</subfield>
<subfield code="e">author</subfield>
</datafield>
<datafield tag="720" ind1=" " ind2=" ">
<subfield code="a">Ruiz García, Rubén</subfield>
<subfield code="e">author</subfield>
</datafield>
<datafield tag="260" ind1=" " ind2=" ">
<subfield code="c">2021-09</subfield>
</datafield>
<datafield tag="520" ind1=" " ind2=" ">
<subfield code="a">We focus on a simplified container stowage planning problem where containers of different size and weight must be loaded and unloaded at multiple ports while maintaining the stability of the ship. We initially investigate how the difficulty in solving the problem changes with and without the consideration of container sizes and weight constraints. For this purpose, we provide integer programming formulations for the general problem as well as some special cases with identical container size and/or identical weights and evaluate their performance in randomly generated small- and medium-scale instances. We develop a matheuristic procedure, namely, an insert-and-fix heuristic, exploiting the special structure of the proposed formulations. The Insert-and-Fix method, in combination with a constructive algorithm that gives the solver an initial solution in each iteration, provides solutions with a low number of rehandles for instances with up to 5000 TEUs.</subfield>
</datafield>
<datafield tag="024" ind2=" " ind1="8">
<subfield code="a">0305-0548</subfield>
</datafield>
<datafield tag="024" ind2=" " ind1="8">
<subfield code="a">http://hdl.handle.net/10259/6195</subfield>
</datafield>
<datafield tag="024" ind2=" " ind1="8">
<subfield code="a">10.1016/j.cor.2021.105383</subfield>
</datafield>
<datafield ind1=" " ind2=" " tag="653">
<subfield code="a">Container ship</subfield>
</datafield>
<datafield ind1=" " ind2=" " tag="653">
<subfield code="a">Multiport stowage</subfield>
</datafield>
<datafield ind1=" " ind2=" " tag="653">
<subfield code="a">Mathematical models</subfield>
</datafield>
<datafield ind1=" " ind2=" " tag="653">
<subfield code="a">Matheuristics</subfield>
</datafield>
<datafield ind1=" " ind2=" " tag="653">
<subfield code="a">Planning</subfield>
</datafield>
<datafield tag="245" ind1="0" ind2="0">
<subfield code="a">Solving the generalized multi-port container stowage planning problem by a matheuristic algorithm</subfield>
</datafield>
</record></metadata></record></GetRecord></OAI-PMH>